| 000 | 00797 a2200205 4500 | ||
|---|---|---|---|
| 010 | _aENG-85654 | ||
| 020 |
_a8185250375 _c295.00 |
||
| 035 | _aEN-69187 | ||
| 037 | _bD.B.Act / Pub | ||
| 082 | 1 | 4 | _a133.9013 |
| 090 |
_c3314 _d3314 |
||
| 100 | 1 | _aSemkiw, Walter | |
| 245 | 1 |
_aBord again _cby Walter Semkiw _breincarnation cases involving international celebrities India's political legends and film stars |
|
| 260 |
_aNew Delhi _bRitana Books _c2007 |
||
| 270 |
_a81, Defence Colony flyover Market, _bNew Delhi _e110 024 _k011-24617278 _l011-24636063 _mritana@vsnl.com |
||
| 300 |
_a392 p. _c22 cm ( Pbk.) |
||
| 500 | _aIncludes bibliographial refrences and index | ||
| 942 |
_adpl _cEN _k133.9013 / SEM |
||
| 999 |
_c3249 _d3249 |
||